00863cam a2200229 a 450000100100000000500170001000800410002704000250006808200220009310000440011524500480015925000110020726000480021830000210026649000320028765000260031965000300034583000390037504900090041495201930042399900170061600003525020200930074215.0890410s1977 mx 000 0 spa c aDO-SdBNPbspacBNPHU axxxxbC348o, 19771 aCastellanos, Rosario.d1925-197492274310aOficio de tinieblas /cRosario Castellanos. a5a ed. aMéxico, D. F. :bJoaquín Mortiz,c1977. a368 p. ;c20 cm.1 aNovelistas Contemporáneos 4aNovela mexicana93959 4aLiteratura mexicana91922 0aNovelistas Contemporáneos911918 aBNGR 001050718MOaGRbGRcCTd2011-10-26iLF1l0oxxxx C348o, 1977p35250-10r2020-06-25w2020-06-25y1zPerteneció a la biblioteca personal de Juan Isidro Jimenes -GrullónZNo se presta c34741d34741